[Event "FRA-chT Top 16 GpA"]
[Site "Chartres"]
[Date "2023.06.06"]
[Round "6.30"]
[White "Jossien, Arnaud"]
[Black "Brunner, Nicolas"]
[Result "1/2-1/2"]
[WhiteElo "2268"]
[BlackElo "2426"]
[PlyCount "123"]
[EventDate "2023.06.01"]
[EventType "team-tourn"]
[EventRounds "7"]
[EventCountry "FRA"]
[SourceTitle "CBM 214 Extra"]
[Source "ChessBase"]
[SourceDate "2023.07.31"]
[SourceVersion "1"]
[SourceVersionDate "2023.07.31"]
[SourceQuality "1"]
[WhiteTeam "Cappelle la Grande"]
[BlackTeam "Vandoeuvre"]
[WhiteTeamCountry "FRA"]
[BlackTeamCountry "FRA"]

1. e4 c5 2. Nc3 Nc6 3. Bb5 Nd4 4. Nf3 e6 5. 0-0 a6 6. Bd3 Nc6 7. Nd5 Bd6 8. Ne3 Bc7 9. c3 Nge7 10. Bc2 d5 11. exd5 exd5 12. d4 cxd4 13. Nxd4 Qd6 14. g3 Qf6 15. Re1 0-0 16. Qh5 h6 17. Nxd5 Nxd5 18. Qxd5 Nxd4 19. Qxd4 Qxd4 20. cxd4 Ba5 21. Re5 Bc7 22. Re1 Ba5 23. Re5 Bc7 24. Rc5 Bb6 25. Rc4 Rd8 26. Be3 a5 27. Be4 Be6 28. d5 Bxd5 29. Bxd5 Bxe3 30. Bxb7 Rab8 31. fxe3 Rxb7 32. Rc2 Rbd7 33. Re1 Rd2 34. Re2 Rd1+ 35. Kf2 Ra1 36. b3 a4 37. bxa4 Rd3 38. Rc4 Ra3 39. h4 h5 40. Kf3 g6 41. g4 hxg4+ 42. Kxg4 Kg7 43. Kf4 R3xa2 44. Rxa2 Rxa2 45. Ke5 Ra3 46. Kd4 Kh6 47. Kc5 Rxe3 48. a5 f6 49. a6 g5 50. a7 Ra3 51. Kb6 Kh5 52. hxg5 fxg5 53. Rd4 Ra1 54. Rd8 Kg4 55. a8Q Rxa8 56. Rxa8 Kf3 57. Kc5 g4 58. Kd4 g3 59. Ra3+ Kf2 60. Ke4 g2 61. Ra2+ Kg3 62. Rxg2+ 1/2-1/2

[Event "Cappelle Online Blitz op"]
[Site "Europe Echecs INT"]
[Date "2021.03.07"]
[Round "7"]
[White "Jossien, Arnaud"]
[Black "Sochacki, Christophe"]
[Result "0-1"]
[WhiteElo "2273"]
[BlackElo "2477"]
[PlyCount "52"]
[EventDate "2021.03.07"]
[EventType "swiss (blitz)"]
[EventRounds "11"]
[EventCountry "FRA"]
[SourceTitle "CBM 201 Extra"]
[Source "ChessBase"]
[SourceDate "2021.05.31"]
[SourceVersion "1"]
[SourceVersionDate "2021.05.31"]
[SourceQuality "1"]

1. d4 Nc6 2. c4 e5 3. d5 Nce7 4. h4 Nf5 5. g3 Bc5 6. Nc3 a6 7. Ne4 Ba7 8. c5 d6 9. b4 Nge7 10. cxd6 cxd6 11. Nf3 a5 12. Qa4+ Bd7 13. b5 0-0 14. Qb3 a4 15. Qd3 Qb6 16. Rb1 Rac8 17. Ba3 Qa5+ 18. Bb4 Qb6 19. Ba3 Nh6 20. Bxd6 f5 21. Bxe7 fxe4 22. Qxe4 Qxf2+ 23. Kd1 Bf5 24. Qxe5 Ng4 25. Qb2 Ne3+ 26. Kd2 Nc4+ 0-1

[Event "Cappelle Online Bullet op"]
[Site "Europe Echecs INT"]
[Date "2021.03.05"]
[Round "14"]
[White "Brunner, Nicolas"]
[Black "Jossien, Arnaud"]
[Result "1-0"]
[WhiteElo "2418"]
[BlackElo "2273"]
[PlyCount "71"]
[EventDate "2021.03.05"]
[EventType "swiss (blitz)"]
[EventRounds "15"]
[EventCountry "FRA"]
[SourceTitle "EXT 2022"]
[Source "ChessBase"]
[SourceDate "2021.10.06"]
[SourceVersion "1"]
[SourceVersionDate "2021.10.06"]
[SourceQuality "1"]

1. Nf3 d6 2. g3 e5 3. Bg2 f5 4. d3 Nf6 5. 0-0 g6 6. e4 Bg7 7. exf5 gxf5 8. Nh4 0-0 9. f4 e4 10. Nc3 d5 11. dxe4 dxe4 12. Qxd8 Rxd8 13. Be3 c6 14. Rad1 Nbd7 15. Bd4 Nb6 16. Be5 Rxd1 17. Rxd1 Be6 18. b3 Nfd5 19. Nxd5 Bxd5 20. Bxg7 Kxg7 21. Nxf5+ Kf6 22. Ne3 Re8 23. c4 Bf7 24. g4 h6 25. h4 a5 26. g5+ hxg5 27. hxg5+ Kg7 28. Kf2 Bh5 29. Rd6 Kf7 30. Kg3 Ke7 31. Rh6 Bf7 32. f5 Kd7 33. Kf4 Kc7 34. Rh7 Re7 35. g6 Nd7 36. Rxf7 1-0

[Event "Cappelle Online Bullet op"]
[Site "Europe Echecs INT"]
[Date "2021.03.05"]
[Round "2"]
[White "Jossien, Arnaud"]
[Black "Mamedov, Rauf"]
[Result "0-1"]
[WhiteElo "2273"]
[BlackElo "2654"]
[PlyCount "96"]
[EventDate "2021.03.05"]
[EventType "swiss (blitz)"]
[EventRounds "15"]
[EventCountry "FRA"]
[SourceTitle "EXT 2022"]
[Source "ChessBase"]
[SourceDate "2021.10.06"]
[SourceVersion "1"]
[SourceVersionDate "2021.10.06"]
[SourceQuality "1"]

1. d4 d6 2. c4 e5 3. dxe5 dxe5 4. Qxd8+ Kxd8 5. g3 f6 6. f4 Nc6 7. Bh3 Bxh3 8. Nxh3 Bd6 9. Nf2 Nge7 10. Nc3 Bb4 11. Bd2 Kd7 12. 0-0-0 Ke6 13. Nfe4 b6 14. a3 Bxc3 15. Bxc3 Rad8 16. fxe5 Nxe5 17. Bxe5 Kxe5 18. Nc3 Nf5 19. Nd5 c6 20. Nf4 Ne3 21. Rd3 Nxc4 22. Rc3 b5 23. Nd3+ Ke6 24. b3 Ne5 25. Nxe5 Kxe5 26. Rxc6 Rc8 27. Rxc8 Rxc8+ 28. Kd2 Rd8+ 29. Ke3 Rc8 30. Rd1 Rc3+ 31. Rd3 Rc1 32. h4 h5 33. Kd2 Ra1 34. b4 g5 35. hxg5 fxg5 36. Rc3 Kd4 37. Rc5 Ra2+ 38. Ke1 g4 39. Rxh5 Rxa3 40. Rxb5 Rxg3 41. Rb7 Rb3 42. Rxa7 g3 43. Rg7 Ke4 44. Kd2 Kf4 45. b5 Rxb5 46. e3+ Kf3 47. Rf7+ Kg2 48. Kd3 Rd5+ 0-1

[Event "Cappelle Online Bullet op"]
[Site "Europe Echecs INT"]
[Date "2021.03.05"]
[Round "3"]
[White "Orieux, Etienne"]
[Black "Jossien, Arnaud"]
[Result "1-0"]
[WhiteElo "1878"]
[BlackElo "2273"]
[PlyCount "79"]
[EventDate "2021.03.05"]
[EventType "swiss (blitz)"]
[EventRounds "15"]
[EventCountry "FRA"]
[SourceTitle "EXT 2022"]
[Source "ChessBase"]
[SourceDate "2021.10.06"]
[SourceVersion "1"]
[SourceVersionDate "2021.10.06"]
[SourceQuality "1"]

1. e4 d6 2. d4 Nf6 3. Nd2 c6 4. Ngf3 e5 5. c3 Nbd7 6. Bd3 Be7 7. 0-0 0-0 8. Re1 b5 9. Nf1 a5 10. Ng3 Qc7 11. Nf5 Re8 12. Bg5 Bf8 13. N3h4 exd4 14. cxd4 Ba6 15. Qe2 d5 16. e5 h6 17. Bd2 Nh7 18. f4 Re6 19. Rac1 g6 20. Qg4 Rae8 21. Ng3 Kh8 22. f5 gxf5 23. Nhxf5 Rg6 24. Qh3 Ng5 25. Qh5 Ree6 26. h4 Nh7 27. Re3 Bc8 28. Rf3 Nb6 29. Rcf1 Nc4 30. Bxh6 Bxh6 31. Nxh6 Rxh6 32. Qf5 Ref6 33. exf6 Bxf5 34. Nxf5 Rxh4 35. Nxh4 Ng5 36. Rg3 Ne4 37. Rh3 Qd6 38. Nf5+ Kg8 39. Nxd6 Ncxd6 40. Bc4 1-0

[Event "Europe Echecs online op April"]
[Site "Europe Echecs INT"]
[Date "2020.04.11"]
[Round "7"]
[White "Jossien, Arnaud"]
[Black "Bat, Bilguun"]
[Result "1-0"]
[WhiteElo "2330"]
[BlackElo "2173"]
[PlyCount "49"]
[EventDate "2020.04.11"]
[EventType "swiss (blitz)"]
[EventRounds "11"]
[EventCountry "FRA"]
[SourceTitle "EXT 2021"]
[Source "ChessBase"]
[SourceDate "2020.10.23"]
[SourceVersion "1"]
[SourceVersionDate "2020.10.23"]
[SourceQuality "1"]

1. e4 c5 2. Nf3 d6 3. c3 Nf6 4. Be2 Bd7 5. Qc2 e6 6. d4 cxd4 7. cxd4 Nc6 8. Nc3 Rc8 9. 0-0 Be7 10. Qb3 Na5 11. Qd1 0-0 12. Bf4 d5 13. e5 Ne4 14. Nxe4 dxe4 15. Nd2 Bc6 16. Be3 Bd5 17. b3 b6 18. Rc1 Rxc1 19. Qxc1 Qd7 20. Nc4 Rc8 21. Qc3 Nxc4 22. bxc4 Bxc4 23. Bxc4 b5 24. Bxb5 Rxc3 25. Bxd7 1-0

[Event "Europe Echecs online op April"]
[Site "Europe Echecs INT"]
[Date "2020.04.11"]
[Round "5"]
[White "Roque, Gaetan"]
[Black "Jossien, Arnaud"]
[Result "1/2-1/2"]
[WhiteElo "2120"]
[BlackElo "2330"]
[PlyCount "124"]
[EventDate "2020.04.11"]
[EventType "swiss (blitz)"]
[EventRounds "11"]
[EventCountry "FRA"]
[SourceTitle "EXT 2021"]
[Source "ChessBase"]
[SourceDate "2020.10.23"]
[SourceVersion "1"]
[SourceVersionDate "2020.10.23"]
[SourceQuality "1"]

1. d4 d6 2. Nf3 Bg4 3. c4 e5 4. dxe5 Nc6 5. Bg5 Qd7 6. Nc3 dxe5 7. Qxd7+ Bxd7 8. 0-0-0 f6 9. Be3 Be6 10. Nd5 Rc8 11. g3 Nge7 12. Bg2 Nf5 13. Bd2 Bc5 14. Rhf1 Kf7 15. e3 a5 16. Bc3 Nd6 17. Nd2 Nb4 18. Bxb4 Bxb4 19. Nxb4 axb4 20. b3 Ra8 21. Kb2 Ra7 22. Ne4 Nxc4+ 23. bxc4 Bxc4 24. Rd7+ Kg6 25. Ra1 Rha8 26. Rxc7 Rxa2+ 27. Rxa2 Rxa2+ 28. Kb1 Bd5 29. Nc3 bxc3 30. Bxd5 Rxf2 31. Rxc3 Rxh2 32. Bxb7 Rh3 33. e4 Rh2 34. Rc2 Rh1+ 35. Kb2 Rg1 36. Rc3 Kg5 37. Bc8 h5 38. Rc7 g6 39. Rc3 Re1 40. Bb7 Kg4 41. Kc2 Re2+ 42. Kd1 Rg2 43. Ke1 Rxg3 44. Rxg3+ Kxg3 45. Kf1 h4 46. Kg1 g5 47. Bc8 g4 48. Bf5 Kf4 49. Kh2 g3+ 50. Kg2 Ke3 51. Bg6 Kf4 52. Bf5 Kg5 53. Kf3 Kh5 54. Bh3 Kh6 55. Kg4 Kg6 56. Kxh4 g2 57. Bxg2 f5 58. exf5+ Kxf5 59. Kg3 Kg5 60. Kf3 Kf5 61. Ke3 e4 62. Bxe4+ Ke5 1/2-1/2

[Event "Europe Echecs online op April"]
[Site "Europe Echecs INT"]
[Date "2020.04.11"]
[Round "8"]
[White "Sarrazin, Christian"]
[Black "Jossien, Arnaud"]
[Result "0-1"]
[WhiteElo "2003"]
[BlackElo "2330"]
[PlyCount "86"]
[EventDate "2020.04.11"]
[EventType "swiss (blitz)"]
[EventRounds "11"]
[EventCountry "FRA"]
[SourceTitle "EXT 2021"]
[Source "ChessBase"]
[SourceDate "2020.10.23"]
[SourceVersion "1"]
[SourceVersionDate "2020.10.23"]
[SourceQuality "1"]

1. e4 d6 2. d4 Nf6 3. Bd3 e5 4. c3 d5 5. exd5 e4 6. Bc4 Nxd5 7. Ne2 Nb6 8. Bb3 a5 9. a4 Nc6 10. 0-0 Bd6 11. Bf4 Bxf4 12. Nxf4 Qg5 13. Ne2 0-0 14. Ng3 Re8 15. Re1 Qg6 16. Nd2 Bg4 17. Qc2 e3 18. Qxg6 exf2+ 19. Kxf2 hxg6 20. Nde4 Be6 21. Bxe6 Rxe6 22. Nc5 Rf6+ 23. Kg1 Rb8 24. Nge4 Rf5 25. Ng3 Rf4 26. Rf1 Rxf1+ 27. Kxf1 Nc4 28. b3 b6 29. bxc4 bxc5 30. d5 Ne5 31. Ne4 Nxc4 32. Nxc5 Rb2 33. Re1 Rd2 34. Re8+ Kh7 35. Ne4 Rxd5 36. h4 f6 37. Re7 Re5 38. Rxe5 Nxe5 39. Ke2 Nc4 40. Kd3 Nb6 41. Nc5 Kh6 42. Nb7 Nxa4 43. Nxa5 Kh5 0-1

[Event "Cappelle rapid op 1st"]
[Site "Cappelle la Grande"]
[Date "2019.02.23"]
[Round "7"]
[White "Nakamura, Naohiro"]
[Black "Jossien, Arnaud"]
[Result "0-1"]
[WhiteElo "2110"]
[BlackElo "2291"]
[PlyCount "76"]
[EventDate "2019.02.23"]
[EventType "swiss (rapid)"]
[EventRounds "9"]
[EventCountry "FRA"]
[SourceTitle "CBM 189 Extra"]
[Source "ChessBase"]
[SourceDate "2019.06.03"]
[SourceVersion "1"]
[SourceVersionDate "2019.06.03"]
[SourceQuality "1"]

1. c4 b6 2. Nf3 Bb7 3. g3 Bxf3 4. exf3 c5 5. d4 cxd4 6. Qxd4 Nc6 7. Qd1 g6 8. Bd2 Bg7 9. Bc3 Nf6 10. f4 0-0 11. Bg2 Rc8 12. 0-0 Qc7 13. Re1 Rfd8 14. Na3 Na5 15. Bxa5 bxa5 16. Rc1 Qc5 17. Re5 d5 18. Rc2 Qb4 19. cxd5 Rxc2 20. Qxc2 Nxd5 21. Re2 e6 22. Nc4 Rc8 23. b3 a4 24. Qd3 axb3 25. axb3 Nc3 26. Rd2 Qxb3 27. Nd6 Rd8 28. Qa6 Bf8 29. Qc6 Nb5 30. Ne4 Qb1+ 31. Bf1 Nd4 32. Nf6+ Kg7 33. Qc7 Nf3+ 34. Kg2 Nxd2 35. Nh5+ gxh5 36. Qe5+ f6 37. Qc7+ Kg8 38. Bc4 Qe4+ 0-1

[Event "Tatry op"]
[Site "Tatranska Lomnica"]
[Date "2017.10.14"]
[Round "8"]
[White "Kostolansky, Sebastian Lukas"]
[Black "Jossien, Arnaud"]
[Result "0-1"]
[WhiteElo "2209"]
[BlackElo "2325"]
[PlyCount "114"]
[EventDate "2017.10.08"]
[EventType "swiss"]
[EventRounds "9"]
[EventCountry "SVK"]
[SourceTitle "CBM 181 Extra"]
[Source "ChessBase"]
[SourceDate "2017.12.12"]
[SourceVersion "1"]
[SourceVersionDate "2017.12.12"]
[SourceQuality "1"]

1. e4 g6 2. d4 Bg7 3. Nc3 d6 4. f4 a6 5. Nf3 b5 6. e5 Nd7 7. Bd3 c5 8. exd6 cxd4 9. Ne4 Nh6 10. 0-0 0-0 11. Ne5 exd6 12. Nxd6 Nxe5 13. fxe5 Ng4 14. Nxc8 Qxc8 15. Bf4 Nxe5 16. Bxe5 Bxe5 17. Qf3 Qc7 18. h3 Bh2+ 19. Kh1 Bg3 20. a4 b4 21. b3 Ra7 22. Rad1 Qd6 23. Bc4 Kg7 24. Qd5 Qxd5 25. Bxd5 Be5 26. Kg1 f6 27. Bc4 Rc8 28. Bd3 Rc3 29. Rd2 Rac7 30. Bc4 R7xc4 31. bxc4 Ra3 32. Rb1 a5 33. c5 Kf7 34. Kf2 Ke6 35. Ke2 Kd5 36. Rd3 Rxa4 37. Rdb3 Kc4 38. c6 Ra2 39. Kd2 Bf4+ 40. Kd1 Bd6 41. Kd2 f5 42. h4 h5 43. Kd1 Kc5 44. Rd3 Be5 45. Rdb3 Kxc6 46. g3 Kd5 47. Kd2 Bd6 48. Kd1 Kc4 49. Rd3 a4 50. Rf3 Be5 51. Kc1 Bg7 52. Kd1 Bh6 53. Rf2 Be3 54. Rg2 Kc3 55. Re2 b3 56. cxb3 Rxe2 57. Kxe2 axb3 0-1

[Event "Tatry op"]
[Site "Tatranska Lomnica"]
[Date "2017.10.13"]
[Round "7"]
[White "Jossien, Arnaud"]
[Black "Ernst, Michael"]
[Result "1-0"]
[WhiteElo "2325"]
[BlackElo "2131"]
[PlyCount "63"]
[EventDate "2017.10.08"]
[EventType "swiss"]
[EventRounds "9"]
[EventCountry "SVK"]
[SourceTitle "CBM 181 Extra"]
[Source "ChessBase"]
[SourceDate "2017.12.12"]
[SourceVersion "1"]
[SourceVersionDate "2017.12.12"]
[SourceQuality "1"]

1. Nf3 d5 2. g3 Bf5 3. Bg2 h6 4. c4 e6 5. Qb3 Nc6 6. Qxb7 Nb4 7. Na3 a6 8. Ne5 Rb8 9. Qa7 Rb6 10. d3 Bd6 11. c5 Bxc5 12. Be3 Bxe3 13. fxe3 f6 14. Rc1 fxe5 15. Rxc7 Qb8 16. e4 Qxa7 17. Rxa7 Bg6 18. 0-0 Rb8 19. Bh3 Ne7 20. Bxe6 Nbc6 21. Bd7+ Kd8 22. Bxc6 Nxc6 23. Rxg7 Be8 24. exd5 Nd4 25. e3 Ne2+ 26. Kh1 Rxb2 27. Nc4 Rc2 28. Nxe5 Rc1 29. Rxc1 Nxc1 30. d6 Nxd3 31. Nxd3 Bc6+ 32. Kg1 1-0

[Event "Tatry op"]
[Site "Tatranska Lomnica"]
[Date "2017.10.12"]
[Round "6"]
[White "Michalicka, Milan"]
[Black "Jossien, Arnaud"]
[Result "1/2-1/2"]
[WhiteElo "2158"]
[BlackElo "2325"]
[PlyCount "66"]
[EventDate "2017.10.08"]
[EventType "swiss"]
[EventRounds "9"]
[EventCountry "SVK"]
[SourceTitle "CBM 181 Extra"]
[Source "ChessBase"]
[SourceDate "2017.12.12"]
[SourceVersion "1"]
[SourceVersionDate "2017.12.12"]
[SourceQuality "1"]

1. d4 Nf6 2. c4 c5 3. d5 b5 4. cxb5 a6 5. bxa6 d6 6. Nc3 Bxa6 7. e4 Bxf1 8. Kxf1 g6 9. g3 Bg7 10. Kg2 0-0 11. Nf3 Nbd7 12. a4 Qa5 13. Qc2 Rfb8 14. Ra3 Qb4 15. b3 c4 16. bxc4 Qxc4 17. Rd1 Rc8 18. Nd4 Kf8 19. Nc6 Nb8 20. Qd3 Qxd3 21. Rxd3 Nxc6 22. dxc6 Rxc6 23. Be3 Ng4 24. Bd4 Ne5 25. Rd1 Nc4 26. Bxg7+ Kxg7 27. Rb3 Na5 28. Ra3 Rc4 29. Kf3 g5 30. Nd5 Ra7 31. Ne3 Rb4 32. Rd5 f6 33. Rb5 Nc6 1/2-1/2

[Event "Tatry op"]
[Site "Tatranska Lomnica"]
[Date "2017.10.11"]
[Round "5"]
[White "Jossien, Arnaud"]
[Black "Krnan, Tomas"]
[Result "0-1"]
[WhiteElo "2325"]
[BlackElo "2436"]
[PlyCount "44"]
[EventDate "2017.10.08"]
[EventType "swiss"]
[EventRounds "9"]
[EventCountry "SVK"]
[SourceTitle "CBM 181 Extra"]
[Source "ChessBase"]
[SourceDate "2017.12.12"]
[SourceVersion "1"]
[SourceVersionDate "2017.12.12"]
[SourceQuality "1"]

1. d4 Nf6 2. Nf3 d5 3. Bf4 c5 4. c3 Nc6 5. dxc5 e6 6. b4 Ne4 7. e3 g5 8. Bg3 Bg7 9. Nd4 e5 10. Nxc6 bxc6 11. Bd3 0-0 12. Qc2 f5 13. f4 exf4 14. exf4 a5 15. 0-0 axb4 16. Bxe4 fxe4 17. fxg5 Rxf1+ 18. Kxf1 Qf8+ 19. Kg1 Qxc5+ 20. Kh1 bxc3 21. Be1 Qc4 22. Kg1 Ba6 0-1

[Event "Tatry op"]
[Site "Tatranske Zruby"]
[Date "2014.09.30"]
[Round "3"]
[White "Jossien, Arnaud"]
[Black "Sejkora, Vlastimil"]
[Result "1/2-1/2"]
[WhiteElo "2326"]
[BlackElo "2243"]
[PlyCount "53"]
[EventDate "2014.09.28"]
[EventType "swiss"]
[EventRounds "9"]
[EventCountry "SVK"]
[SourceTitle "CBM 162 Extra"]
[Source "ChessBase"]
[SourceDate "2014.10.17"]
[SourceVersion "1"]
[SourceVersionDate "2014.10.17"]
[SourceQuality "1"]

1. d4 g6 2. c4 Bg7 3. Nc3 Nf6 4. e4 d6 5. Nge2 0-0 6. Ng3 Nc6 7. d5 Ne5 8. f4 Ned7 9. Be3 b6 10. Be2 Nc5 11. h4 e6 12. h5 exd5 13. cxd5 Ncxe4 14. Ngxe4 Nxe4 15. hxg6 fxg6 16. Nxe4 Qe7 17. Kf2 Qxe4 18. Rc1 Rxf4+ 19. Bf3 Bg4 20. Bxf4 Qxf4 21. g3 Bd4+ 22. Kg2 Bxf3+ 23. Qxf3 Qd2+ 24. Kh3 Qh6+ 25. Kg2 Qd2+ 26. Kh3 Qh6+ 27. Kg2 1/2-1/2

[Event "FRA-chT1 1011"]
[Site "France"]
[Date "2010.12.11"]
[Round "4.5"]
[White "Roumegous, Marina"]
[Black "Jossien, Arnaud"]
[Result "0-1"]
[WhiteElo "2174"]
[BlackElo "2318"]
[PlyCount "90"]
[EventDate "2010.10.17"]
[EventType "team-tourn"]
[EventRounds "11"]
[EventCountry "FRA"]
[SourceTitle "EXT 2012"]
[Source "ChessBase"]
[SourceDate "2011.11.24"]
[SourceVersion "1"]
[SourceVersionDate "2011.11.24"]
[SourceQuality "1"]

1. d4 d6 2. Nf3 g6 3. e4 Bg7 4. Be2 Nd7 5. 0-0 e5 6. c3 Ngf6 7. Qc2 0-0 8. Rd1 Qe7 9. d5 Nh5 10. Ne1 Nf4 11. Nd3 Nxe2+ 12. Qxe2 f5 13. Nd2 Nf6 14. c4 f4 15. f3 g5 16. Nf2 h5 17. Nf1 g4 18. Bd2 Qf7 19. Rdc1 Qg6 20. Kh1 Rf7 21. Bb4 b6 22. Bc3 Bf8 23. Nd3 Rg7 24. Nd2 Qg5 25. Rc2 Qh4 26. Qe1 g3 27. Nf1 Be7 28. b4 Bd7 29. a4 Rf8 30. a5 Qg5 31. axb6 axb6 32. Ra7 Bd8 33. Qe2 gxh2 34. Qf2 h4 35. Nxh2 Nh5 36. Nf1 h3 37. Raa2 hxg2+ 38. Qxg2 Qh4+ 39. Qh2 Bh3 40. Be1 Ng3+ 41. Nxg3 fxg3 42. f4 exf4 43. Ra3 f3 44. Bxg3 Rxg3 45. Nf2 Bg2+ 0-1

[Event "FRA-chT1 0910"]
[Site "France"]
[Date "2009.10.18"]
[Round "3.3"]
[White "Moussard, Jules"]
[Black "Jossien, Arnaud"]
[Result "1-0"]
[WhiteElo "2344"]
[BlackElo "2382"]
[PlyCount "51"]
[EventDate "2009.09.27"]
[EventType "team-tourn"]
[EventRounds "11"]
[EventCountry "FRA"]
[SourceTitle "EXT 2011"]
[Source "ChessBase"]
[SourceDate "2010.11.26"]
[SourceVersion "1"]
[SourceVersionDate "2010.11.26"]
[SourceQuality "1"]

1. e4 d6 2. d4 g6 3. Nc3 Bg7 4. f4 Nf6 5. e5 Nfd7 6. Nf3 0-0 7. e6 fxe6 8. Ng5 Nb6 9. Bd3 Bd7 10. h4 h6 11. Bxg6 Nc6 12. Qh5 Nxd4 13. Be3 Nf5 14. Bf2 e5 15. fxe5 dxe5 16. 0-0-0 Nd6 17. Nce4 Rf4 18. Be3 Bg4 19. Bh7+ Kh8 20. Qg6 Bf5 21. Nf7+ Nxf7 22. Rxd8+ Rxd8 23. Qxf7 Bxe4 24. Bxf4 Bxh7 25. Qxe7 Rd7 26. Qe8+ 1-0

[Event "FRA-chT1B 0809"]
[Site "France"]
[Date "2009.02.07"]
[Round "6.3"]
[White "Jossien, Arnaud"]
[Black "Tranchant, Sebastien"]
[Result "0-1"]
[WhiteElo "2389"]
[BlackElo "2267"]
[PlyCount "116"]
[EventDate "2008.10.19"]
[EventType "team-tourn"]
[EventRounds "11"]
[EventCountry "FRA"]
[SourceTitle "EXT 2010"]
[Source "ChessBase"]
[SourceDate "2010.11.25"]
[SourceVersion "1"]
[SourceVersionDate "2010.11.25"]
[SourceQuality "1"]
[WhiteTeam "Cappelle la Grande"]
[BlackTeam "Niort"]
[WhiteTeamCountry "FRA"]
[BlackTeamCountry "FRA"]

1. e4 c5 2. Nf3 g6 3. c4 Nc6 4. d4 cxd4 5. Nxd4 Nf6 6. Nc3 d6 7. Nc2 Bg7 8. Be2 Nd7 9. Bd2 0-0 10. 0-0 a5 11. Na3 Nc5 12. Nab5 Nd4 13. Nxd4 Bxd4 14. Bh6 Bxc3 15. bxc3 Re8 16. Qd4 e5 17. Qe3 Qh4 18. Bf3 f6 19. g3 Qh3 20. Qd2 Qe6 21. Qd5 Qxd5 22. cxd5 b5 23. Be3 Na4 24. Rfc1 Bd7 25. c4 b4 26. Be2 Rec8 27. f4 Nc5 28. Bxc5 Rxc5 29. Rab1 Re8 30. fxe5 Rxe5 31. Bd3 f5 32. a3 bxa3 33. Rb8+ Kf7 34. Rb7 Ke8 35. Ra1 fxe4 36. Be2 Re7 37. Rxa3 h5 38. Ra7 Bg4 39. Ra8+ Kf7 40. Bxg4 hxg4 41. R8xa5 Rxc4 42. Ra6 Rc1+ 43. Kf2 e3+ 44. Ke2 Rc2+ 45. Ke1 Rxh2 46. Ra7 Rxa7 47. Rxa7+ Kf6 48. Ra3 Rh5 49. Rd3 Rf5 50. Rd4 Kg5 51. Ke2 Rf3 52. Re4 Rxg3 53. Re6 Kf4 54. Rxd6 Rg2+ 55. Ke1 Rd2 56. Rf6+ Kg5 57. Re6 Rxd5 58. Rxe3 Rf5 0-1

[Event "FRA-chT1A 0708"]
[Site "France"]
[Date "2007.11.25"]
[Round "3.3"]
[White "Geenen, Marc"]
[Black "Jossien, Arnaud"]
[Result "1/2-1/2"]
[WhiteElo "2293"]
[BlackElo "2384"]
[PlyCount "29"]
[EventDate "2007.10.21"]
[EventType "team"]
[EventRounds "11"]
[EventCountry "FRA"]
[SourceTitle "EXT 2009"]
[Source "ChessBase"]
[SourceDate "2008.11.26"]
[SourceVersion "1"]
[SourceVersionDate "2008.11.26"]
[SourceQuality "1"]
[WhiteTeam "Deauville"]
[BlackTeam "Cappelle la Grande"]
[WhiteTeamCountry "FRA"]
[BlackTeamCountry "FRA"]

1. e4 d6 2. Nc3 g6 3. d4 Bg7 4. f4 Nd7 5. Nf3 a6 6. e5 b5 7. Ng5 Nb6 8. e6 Bxe6 9. Nxe6 fxe6 10. a4 c6 11. g3 Nh6 12. Bg2 Nd5 13. Ne4 Nf5 14. c3 0-0 15. Ng5 1/2-1/2